00394 2200157 4500245006700000020001800067250001200085100001400097650001700111005001900128260003100147041001400178084000800192300002700200336000900227 aKUHP b : Kitab Undang - Undang Hukum PidanacMoeljatnohText a979-526-020-0 aCet. 30 aMoeljatno aHukum Pidana a20230209080421 aJakartabBumi Aksarac2012 aIndonesia a345 axx, 232 hlm. :c21 cm. atext